Symbol, myth, and culture : (Record no. 197799)
[ view plain ]
| 000 -LEADER | |
|---|---|
| fixed length control field | 01308cam a2200265 i 4500 |
| 001 - CONTROL NUMBER | |
| control field | 000532424 |
| 003 - CONTROL NUMBER IDENTIFIER | |
| control field | AM-YeHGA |
| 005 - DATE AND TIME OF LATEST TRANSACTION | |
| control field | 20250617135319.0 |
| 008 - FIXED-LENGTH DATA ELEMENTS--GENERAL INFORMATION | |
| fixed length control field | 780828s1979 ctu|| ||b||||001|0|eng|d |
| 020 ## - INTERNATIONAL STANDARD BOOK NUMBER | |
| International Standard Book Number | 0300023065 |
| 040 ## - CATALOGING SOURCE | |
| Original cataloging agency | AM-YeHGA |
| 041 0# - LANGUAGE CODE | |
| Language code of text/sound track or separate title | eng |
| 090 ## - LOCALLY ASSIGNED LC-TYPE CALL NUMBER (OCLC); LOCAL CALL NUMBER (RLIN) | |
| -- | 199279 |
| 100 1# - MAIN ENTRY--PERSONAL NAME | |
| Personal name | Cassirer, Ernst, |
| Dates associated with a name | 1874-1945. |
| 245 10 - TITLE STATEMENT | |
| Title | Symbol, myth, and culture : |
| Remainder of title | Essays and lectures of Ernst Cassirer, 1935-1945 / |
| Statement of responsibility, etc. | Ed. by Donald Phillip Verene. |
| 260 ## - PUBLICATION, DISTRIBUTION, ETC. | |
| Place of publication, distribution, etc. | New Haven : |
| Name of publisher, distributor, etc. | Yale University Press, |
| Date of publication, distribution, etc. | 1979. |
| 300 ## - PHYSICAL DESCRIPTION | |
| Extent | xii, 304 p. ; |
| Dimensions | 25 cm. |
| 504 ## - BIBLIOGRAPHY, ETC. NOTE | |
| Bibliography, etc. note | Includes bibliogr. references and index. |
| 505 0# - FORMATTED CONTENTS NOTE | |
| Formatted contents note | The concept of philosophy as a philosophical problem. - Critical idealism as a philosophy of culture. - Descartes, Leibniz, and Vico. - Hegel's theory of the State. - The philosophy of history. - Language and art I. - Language and art II. - The educational value of art. - Philosophy and politics. - Judaism and the modern political myths. - The technique of our modern political myths. - Reflections on the concept of group and the theory of perception. |
| 650 #0 - SUBJECT ADDED ENTRY--TOPICAL TERM | |
| Topical term or geographic name entry element | Philosophy |
| 650 #0 - SUBJECT ADDED ENTRY--TOPICAL TERM | |
| Topical term or geographic name entry element | Civilization |
| General subdivision | Philosophy |
| -- | Addresses, essays, lectures |
| 650 #0 - SUBJECT ADDED ENTRY--TOPICAL TERM | |
| Topical term or geographic name entry element | Aesthetics |
| General subdivision | Addresses, essays, lectures |
| 650 #0 - SUBJECT ADDED ENTRY--TOPICAL TERM | |
| Topical term or geographic name entry element | Political science |
| 700 1# - ADDED ENTRY--PERSONAL NAME | |
| Personal name | Verene, Donald Phillip, |
| Dates associated with a name | 1937- |
| Withdrawn status | Lost status | Damaged status | Not for loan | Collection | Home library | Current library | Date acquired | Cost, normal purchase price | Total checkouts | Full call number | Barcode | Date last seen | Price effective from | Koha item type | Public note |
|---|---|---|---|---|---|---|---|---|---|---|---|---|---|---|---|
| Gulbenkian Individual Collection | Fundamental Scientific Library | Fundamental Scientific Library | 28/12/2016 | 23.00 | Gulb/4469 | 901004469 | 28/12/2016 | 28/12/2016 | Գրքեր / Books | ILL Non-Circ. |
ՀՀ Գիտությունների ազգային ակադեմիայի հիմնարար գիտական գրադարան = Fundamental Scientific Library of NAS RA
All site content, except where otherwise noted, is licensed under a